Azərbaycan tarixi 3.0 - Statistics

General Stats
  • This quiz has been taken 13 times
  • The average score is 5 of 20
Answer Stats
Sual Cavab % Correct
Mehranilər sülaləsindən olan Qafqaz Albaniyasının hökmdarı Cavanşir
63%
Şah Abbas məscidinin yerləşdiyi şəhər Gəncə
63%
Avrokuboklarda ən çox qələbəyə malik olan Azərbaycan futbol məşqçisi Qurban Qurbanov
63%
Yeni Azərbaycan Partiyasının yarandığı il 1992
50%
Bakının Suraxanı rayonunda yerləşən alov məbədi Atəşgah
38%
1994-cü ildə Gülüstan sarayında 13 iri neft şirkəti arasında bağlanmış müqavilə {Əsrin} müqaviləsi
38%
Qarabağın "toy otağı" Ağdam
25%
1976-cı ildən Bakı ilə qardaşlaşan ABŞ şəhəri Hyuston
25%
"Dəli Kür" romanının müəllifi İsmayıl Şıxlı
25%
İsmayıllı rayonunda misgərlik sənəti ilə məşhur olan qəsəbə Lahıc
25%
Rəşid Behbudovun vəfat etdiyi şəhər Moskva
25%
Cavanşirlər sülaləsinə mənsub olan Qarabağ xanlığının qurucusu Pənahəli xan
25%
Şuşa şəhəri yaxınlığında yerləşən meşə {Topxana} meşəsi
25%
Müğənni Murtuza Muxtarovun səhnə adı Bülbül
13%
1796-cı ildə Rusiya imperiyası tərəfindən işğal olunmuş Azərbaycan xanlığı {Dərbənd} xanlığı
13%
Təbrizdə Məhəmmədhüseyn Şəhriyarın dəfn oldunduğu yer {Şüəra} məqbərəsi
13%
Byorkun sevimli "Azərbaycan müğənnisi" Alim Qasımov
0%
"Sevil" operasının bəstəkarı Fikrət Əmirov
0%
"Arşın mal alan", "Görüş" və "Koroğlu" filmlərində iştirak etmiş aktrisa Leyla Bədirbəyli
0%
"Bəxt üzüyü" filminin rejissoru Tofiq Tağızadə
0%
No matching quizzes found
Score Distribution
Percent of People with Each Score
Percentile by Number Answered
Your Score History
You have not taken this quiz